|
|
|
|
| LEADER |
01267nam a2200313 a 4500 |
| 001 |
35209 |
| 003 |
BD-DhAAL |
| 005 |
20190828161541.0 |
| 008 |
190828t20132011ii 000 0 eng |
| 999 |
|
|
|c 41083
|d 41083
|
| 010 |
|
|
|a 2011907003
|
| 020 |
|
|
|a 9781461123958
|
| 020 |
|
|
|a 9788192156804
|
| 040 |
|
|
|a DLC
|c DLC
|d BD-DhAAL
|
| 042 |
|
|
|a pcc
|
| 050 |
0 |
0 |
|a NA737.B465
|b A35 2011
|
| 082 |
|
|
|2 23
|a 720.1
|
| 100 |
1 |
|
|a Benninger, Christopher,
|d 1942-
|9 33727
|
| 245 |
1 |
0 |
|a Letters to a young architect /
|c Christopher Benninger ; foreword by Balkrishna Doshi.
|
| 260 |
|
|
|a Pune, India :
|b India House ;
|a [Scotts Valley, CA] :
|b Createspace,
|c c2011.
|
| 300 |
|
|
|a 317 pages ;
|c 23 cm.
|
| 500 |
|
|
|a "Originally published in paperback by CCBA Pvt. Ltd., India House ... in 2011"--P. [8].
|
| 526 |
|
|
|a ARC
|
| 541 |
|
|
|a Complimentary copy
|e 35209
|
| 600 |
1 |
0 |
|a Benninger, Christopher,
|d 1942-
|x Philosophy.
|9 33728
|
| 650 |
|
0 |
|a Architecture
|x Philosophy.
|9 33729
|
| 852 |
|
|
|a Department of Architecture
|c General Stacks
|
| 942 |
|
|
|2 ddc
|c BK
|
| 952 |
|
|
|0 0
|1 0
|2 ddc
|4 0
|6 720_100000000000000_BEN
|7 0
|9 66098
|a BRACUL
|b BRACUL
|c GEN
|d 2019-08-28
|e Complimentary Copy
|l 4
|m 75
|o 720.1 BEN
|p 3010035209
|r 2026-01-11
|s 2025-10-21
|t 1
|w 2019-08-28
|y BK
|x Transferred from ARC to BRACUL on 28/12/2023
|